[Event "Challenge"]
[Site "http://www.queenalice.com/game.php?id=927397"]
[Date "2011.4.18"]
[Round "-"]
[White "RATATUNES"]
[Black "heberesteves"]
[Result "1-0"]
[WhiteElo "1690"]
[BlackElo "1633"]

1. e4 e5 2. d4 exd4 3. Qxd4 Nc6 4. Qd1 Qf6 5. a3 a6 6. Nc3 Bc5 7. Nf3 Nh6 8. Nd5
Qd6 9. Bf4 Ne5 10. Bxe5 Qc6 11. Bxg7 Rg8 12. Bxh6 d6 13. Nf6+ Kd8 14. Nxg8 Qxe4+
15. Be2 Qg6 16. Bg5+ Ke8 17. Nf6+ Kf8 18. Nd5 Bg4 19. Ne7 Qe4 20. O-O d5 21. Bd3
Bxf3 22. Qxf3 Qxf3 23. gxf3 Bxe7 24. Bh6+ Kg8 25. Rae1 Bf6 26. Re2 Bxb2 27. Rfe1
Re8 28. Rxe8# 1-0

[Event "nao corre nao"]
[Site "http://www.queenalice.com/game.php?id=930268"]
[Date "2011.4.25"]
[Round "-"]
[White "RATATUNES"]
[Black "heberesteves"]
[Result "1-0"]
[WhiteElo "1683"]
[BlackElo "1595"]

1. e4 e5 2. Bc4 Qh4 3. Qf3 Nf6 4. g3 Qxe4+ 5. Qxe4 Nxe4 6. d3 Nc5 7. f3 d6 8. b4
Ne6 9. Bxe6 fxe6 10. Nc3 d5 11. Nb5 Bd6 12. a3 Bc5 13. Nxc7+ Kf7 14. bxc5 b6 15.
cxb6 axb6 16. Nxa8 b5 17. Bb2 Nc6 18. Nc7 Rd8 19. Nxb5 g5 20. g4 d4 21. a4 Nb4
22. Kd2 Kg6 23. c3 dxc3+ 24. Bxc3 Nxd3 25. Ke3 Nc5 26. Bxe5 Rd3+ 27. Kf2 Rd5 28.
Bc3 Nd3+ 29. Kg3 h5 30. gxh5+ Kxh5 31. Nc7 Rc5 32. Nb5 e5 33. Ne2 Ba6 34. Rhb1
Bxb5 35. Rxb5 Rc4 36. Bxe5 Rc2 37. Nf4+ gxf4+ 38. Bxf4+ Kg6 39. Rd1 Rc3 40. Be5
Ra3 41. Bb2 Nxb2 42. Rd6+ Kf7 43. Rb7+ Ke8 44. Rh6 Rxf3+ 45. Kxf3 Nxa4 46. Rh8#
1-0

[Event "nao corre nao II"]
[Site "http://www.queenalice.com/game.php?id=930270"]
[Date "2011.4.25"]
[Round "-"]
[White "heberesteves"]
[Black "RATATUNES"]
[Result "1/2-1/2"]
[WhiteElo "1610"]
[BlackElo "1695"]

1. e4 d5 2. e5 Bf5 3. Nf3 h6 4. Bb5+ c6 5. Bd3 Bxd3 6. cxd3 d4 7. Qa4 b5 8. Qxd4
Qxd4 9. Nxd4 e6 10. O-O Bc5 11. Nb3 Bb6 12. a4 a5 13. d4 Ne7 14. Nc5 O-O 15.
axb5 cxb5 16. b4 Bxc5 17. bxc5 Nbc6 18. Bb2 b4 19. d3 Nf5 20. Nd2 Nfxd4 21. Nf3
Nb3 22. Rad1 f6 23. d4 Rfd8 24. exf6 a4 25. d5 exd5 26. fxg7 a3 27. Bf6 a2 28.
g4 Kf7 29. Bxd8 Nxd8 30. Rxd5 a1=Q 31. Rxa1 Nxa1 32. Rd7+ Kg8 33. Ne5 Ne6 34. g5
Nxc5 35. Rc7 Ne6 36. Rb7 Nxg5 37. Ng4 Nf7 38. Rxb4 Kxg7 39. h4 Nc2 40. Rb6 Ne1
41. h5 Nf3+ 42. Kf1 Ra1+ 43. Ke2 Nd4+ 44. Ke3 Rg1 45. Rg6+ Kf8 46. Kxd4 Ke7 47.
f4 Rd1+ 48. Ke4 Rh1 49. Nf6 Re1+ 50. Kf3 Re6 51. Ng8+ Kd6 52. Rg7 Re8 53. Nf6
Re7 54. Rg6 Re6 55. f5 Ne5+ 56. Kg2 Nxg6 57. fxe6 Kxe6 58. Ng8 Nf4+ 59. Kg3
Nxh5+ 60. Kh4 Ng7 1/2-1/2

[Event "17 x 27"]
[Site "http://www.queenalice.com/game.php?id=930302"]
[Date "2011.4.25"]
[Round "-"]
[White "RATATUNES"]
[Black "claudiocaire"]
[Result "1-0"]
[WhiteElo "1692"]
[BlackElo "1550"]

1. e4 e5 2. Nf3 Qf6 3. b3 d5 4. exd5 e4 5. Qe2 Qxa1 6. Qxe4+ Be7 7. c4 g6 8. Nd4
Bf5 9. Nxf5 gxf5 10. Qxf5 Nd7 11. Bd3 Qxa2 12. O-O Qxb3 13. Nc3 c6 14. dxc6 bxc6
15. Qe4 Rc8 16. Qd4 Bf6 17. Re1+ Kd8 18. Qxa7 Bxc3 19. Bf5 Rc7 20. Qe3 Ne5 21.
dxc3 Re7 22. Qd4+ Ke8 23. Rxe5 Rxe5 24. Qxe5+ Kf8 25. Qd6+ Kg7 26. h4 Qxc3 27.
Qf4 h6 28. Be3 Nf6 29. Kh2 Nd5 30. cxd5 cxd5 31. Bd4+ Qxd4 32. Qxd4+ Kg8 33.
Qxd5 Kg7 34. Qd6 h5 35. Qe7 Rh6 36. Qg5+ Rg6 37. Qxh5 Rh6 38. Qg5+ Rg6 39. Bxg6
fxg6 40. h5 Kg8 41. Qxg6+ Kh8 42. Qg5 Kh7 43. f4 Kh8 44. f5 Kh7 45. f6 Kh8 46.
Qg7# 1-0

[Event "Challenge"]
[Site "http://www.queenalice.com/game.php?id=932418"]
[Date "2011.4.30"]
[Round "-"]
[White "Scaracioli"]
[Black "RATATUNES"]
[Result "0-1"]
[WhiteElo "1619"]
[BlackElo "1746"]

1. e4 e5 2. Nf3 d6 3. h3 h6 4. d4 Nf6 5. Qd3 Nc6 6. d5 Nb4 7. Qb5+ Nc6 8. dxc6
bxc6 9. Qxc6+ Bd7 10. Qc3 Nxe4 11. Qe3 Nc5 12. b4 Na4 13. a3 Be7 14. c3 f5 15.
Ra2 f4 16. Qd2 a6 17. c4 Be6 18. Rc2 Bf5 19. Bd3 Bxd3 20. Qxd3 O-O 21. Nc3 Nxc3
22. Rxc3 Rf6 23. c5 a5 24. cxd6 Bxd6 25. O-O g5 26. Rd1 Kg7 27. Nxe5 axb4 28.
axb4 Bxe5 29. Qxd8 Rxd8 30. Rcd3 Rxd3 31. Rxd3 h5 32. f3 Rc6 33. Ba3 Kg6 34. b5
Rb6 35. Rd5 Kf5 36. Bb2 Re6 37. Kf2 Kf6 38. Bxe5+ Rxe5 39. Rxe5 Kxe5 40. Ke2 Kd4
41. g4 h4 42. Kd2 Kc4 43. Kc2 Kxb5 44. Kd3 c5 45. Ke4 c4 46. Kf5 c3 47. Kxg5 c2
48. Kxh4 c1=Q 49. g5 Qe3 50. Kg4 Kc5 51. h4 Kd5 52. g6 Ke5 53. g7 Qg1+ 54. Kh5
Kf6 55. Kh6 Qg6# 0-1

[Event "17 x 28"]
[Site "http://www.queenalice.com/game.php?id=936173"]
[Date "2011.5.9"]
[Round "-"]
[White "claudiocaire"]
[Black "RATATUNES"]
[Result "0-1"]
[WhiteElo "1612"]
[BlackElo "1702"]

1. e4 e5 2. Qf3 Nf6 3. h3 a6 4. c3 b5 5. b4 Nc6 6. g4 h6 7. a3 Bb7 8. c4 Nd4 9.
Qc3 Bxe4 10. f3 Nc2+ 11. Kd1 Nxa1 12. fxe4 Nxe4 13. Qxe5+ Qe7 14. Qxa1 Nf2+ 15.
Kc2 Qe4+ 16. Kb3 Nxh1 17. d3 Qe6 18. Bg2 Rb8 19. Bxh1 f6 20. Nc3 c6 21. Nf3 Bd6
22. Nd4 Qe1 23. Bf3 Be5 24. Nc2 Qg3 25. Be4 Qxh3 26. cxb5 Rxb5 27. Bb2 Rb6 28.
Bf5 h5 29. Na4 Rb5 30. Bxe5 fxe5 31. Nc3 Rb7 32. Ne4 Qxd3+ 33. Kb2 Qd5 34. gxh5
Rxh5 35. Bg6+ Kd8 36. Nc5 Rh3 37. Nxb7+ Kc7 38. Nc5 Rh2 39. Qg1 Rg2 40. Nxa6+
Kc8 41. Qb6 Qd4+ 42. Qxd4 exd4 43. Kb3 Rxg6 44. Nc5 Rd6 45. Kc4 d3 46. Nxd3 g5
47. Ne5 Rd2 48. Kb3 Re2 49. Ng4 Re4 50. Nf2 Rf4 51. Nh3 Rf3+ 52. Ka4 Rxh3 53.
Ne1 Kb7 54. Ka5 g4 55. Ng2 Rxa3# 0-1

[Event "Challenge"]
[Site "http://www.queenalice.com/game.php?id=937516"]
[Date "2011.5.13"]
[Round "-"]
[White "RATATUNES"]
[Black "heberesteves"]
[Result "1-0"]
[WhiteElo "1725"]
[BlackElo "1597"]

1. e4 e5 2. d4 exd4 3. Qxd4 Nc6 4. Qd1 Nf6 5. h3 Nxe4 6. Qd5 Nf6 7. Qd3 Nb4 8.
Qe3+ Be7 9. Bd3 a6 10. Bd2 Nbd5 11. Qg3 b5 12. Qxg7 Rg8 13. Qh6 Rxg2 14. Nc3 Bb7
15. O-O-O Nb4 16. f3 Bxf3 17. Re1 Nfd5 18. Qxh7 Nxc3 19. Qh8+ Rg8 20. Qxg8# 1-0

[Event "Challenge"]
[Site "http://www.queenalice.com/game.php?id=937517"]
[Date "2011.5.13"]
[Round "-"]
[White "heberesteves"]
[Black "RATATUNES"]
[Result "0-1"]
[WhiteElo "1588"]
[BlackElo "1736"]

1. e4 g6 2. e5 Bg7 3. d4 d5 4. Bb5+ Bd7 5. Qe2 a6 6. Bd3 Nc6 7. Be3 Nh6 8. Nc3
b5 9. Nxd5 e6 10. Nf4 O-O 11. Nf3 g5 12. Nh5 g4 13. Nxg7 Kxg7 14. Ng5 Nb4 15.
Nxh7 Rg8 16. Nf6 Nxd3+ 17. Qxd3 Nf5 18. Nxg8 Kxg8 19. Bd2 Bc6 20. f3 Qh4+ 21. g3
Nxg3 22. Rg1 Nh1+ 23. Kd1 Nf2+ 24. Ke2 Nxd3 25. Kxd3 Bxf3 26. Bf4 f6 27. c3 fxe5
28. Bxe5 c6 29. Raf1 Kf7 30. Rg3 Rd8 31. Bc7 Rd5 32. b3 Rf5 33. c4 Be4+ 34. Kxe4
Rxf1 35. cxb5 cxb5 36. Kd3 Rf3+ 37. Ke4 Rxg3 38. Bxg3 Qf6 39. Ke3 Qf3+ 40. Kd2
Qg2+ 0-1

[Event "Challenge"]
[Site "http://www.queenalice.com/game.php?id=939244"]
[Date "2011.5.17"]
[Round "-"]
[White "spaghettiman"]
[Black "RATATUNES"]
[Result "1-0"]
[WhiteElo "1571"]
[BlackElo "1685"]

1. e3 e5 2. Bd3 d5 3. c4 e4 4. Bc2 c6 5. cxd5 Qxd5 6. Bb3 Qg5 7. g3 Bg4 8. Qc2
Nd7 9. Qxe4+ Be7 10. Nf3 Nc5 11. Nxg5 Nxe4 12. Nxe4 Bf3 13. Ng5 Bxh1 14. Nxf7
Bd5 15. Nxh8 Nh6 16. Bc2 g6 17. Nxg6 hxg6 18. Bxg6+ Kd7 19. e4 Bc4 20. e5 Ng4
21. Bf5+ Kc7 22. Bxg4 a5 23. Nc3 b5 24. a4 b4 25. Ne4 Bd3 26. Nd6 Rh8 27. Bf5
Bxf5 28. Nxf5 Bc5 29. d4 Ba7 30. e6 Re8 31. Bf4+ Kb6 32. Ng7 Re7 33. Be5 Kb7 34.
Rc1 Bb6 35. h4 Bc7 36. Bf6 1-0

[Event "Challenge"]
[Site "http://www.queenalice.com/game.php?id=941810"]
[Date "2011.5.24"]
[Round "-"]
[White "Scaracioli"]
[Black "RATATUNES"]
[Result "1-0"]
[WhiteElo "1657"]
[BlackElo "1724"]

1. e4 e5 2. Nf3 Nc6 3. d4 d6 4. d5 a6 5. a3 Nce7 6. c4 h6 7. b4 Bg4 8. Be2 c6 9.
Be3 cxd5 10. cxd5 Qc7 11. Nbd2 Qc3 12. O-O h5 13. Rc1 Qxa3 14. Qb3 Qxb3 15. Nxb3
g6 16. Na5 b5 17. Rc2 Nc8 18. h3 Bxf3 19. Bxf3 Bh6 20. g4 Bxe3 21. fxe3 h4 22.
Rc6 Ke7 23. Rfc1 Nb6 24. Rc7+ Nd7 25. Rc8 Ngf6 26. Nc6# 1-0

[Event "Brancas"]
[Site "http://www.queenalice.com/game.php?id=942704"]
[Date "2011.5.26"]
[Round "-"]
[White "heberesteves"]
[Black "RATATUNES"]
[Result "0-1"]
[WhiteElo "1662"]
[BlackElo "1736"]

1. e4 e5 2. Nf3 d6 3. Na3 a6 4. b4 d5 5. Nxe5 Nh6 6. Bd3 Qg5 7. Nf3 Qxg2 8. Rg1
Qh3 9. exd5 Bg4 10. Be2 Bxb4 11. Rg3 Qh5 12. c4 Nf5 13. Rg2 O-O 14. Nc2 Bc5 15.
Bb2 Re8 16. Ne5 Bxe2 17. Qxe2 Qxe2+ 18. Kxe2 Nd7 19. f4 f6 20. Rag1 fxe5 21. Rf1
exf4+ 22. Kd1 Bd6 23. a3 g6 24. Rg4 Nc5 25. Rf3 b6 26. d4 Na4 27. Bc1 Kg7 28.
Bxf4 Bxf4 29. Rfxf4 Nb2+ 30. Kc1 Nxc4 31. Rxf5 Rf8 32. Rxf8 Rxf8 33. Rg1 Rf2 34.
Nb4 a5 35. Na6 Rxh2 36. Nxc7 Rh5 37. Ne6+ Kf7 38. Nf4 Rh4 39. Rf1 Ke7 40. a4 g5
41. Ne2 Ne3 42. Rg1 h6 43. Re1 Nxd5 44. Nf4+ Kd6 45. Nxd5 Kxd5 46. Re5+ Kxd4 47.
Rb5 g4 48. Rxb6 g3 49. Rg6 Rh3 50. Kd1 Ke3 51. Ke1 Rh1# 0-1

[Event "Pretas"]
[Site "http://www.queenalice.com/game.php?id=942705"]
[Date "2011.5.26"]
[Round "-"]
[White "RATATUNES"]
[Black "heberesteves"]
[Result "0-1"]
[WhiteElo "1757"]
[BlackElo "1634"]

1. e4 e5 2. Nf3 Nc6 3. a3 Nf6 4. h3 Nxe4 5. Qe2 d5 6. d3 Nf6 7. Bf4 Bd6 8. g4 e4
9. Bxd6 Qxd6 10. Nc3 O-O 11. Nb5 Qd7 12. g5 exf3 13. Qxf3 Ne8 14. O-O-O Qf5 15.
Qg3 Ne5 16. Nd4 Qd7 17. Qxe5 g6 18. h4 c5 19. Bh3 Qa4 20. Nb3 c4 21. dxc4 dxc4
22. Rd4 Qc6 23. Qe4 Qxe4 24. Rxe4 Bxh3 25. Nc5 Bg2 26. Nd7 Bxe4 27. Re1 f5 28.
Nxf8 Kxf8 29. c3 b5 30. Rd1 a5 31. Rd7 Ng7 32. Rb7 Bxb7 33. a4 bxa4 0-1

[Event "17 x 29"]
[Site "http://www.queenalice.com/game.php?id=946782"]
[Date "2011.6.6"]
[Round "-"]
[White "claudiocaire"]
[Black "RATATUNES"]
[Result "1-0"]
[WhiteElo "1524"]
[BlackElo "1749"]

1. e4 e5 2. Qf3 Nf6 3. Bc4 a6 4. g4 Nc6 5. c3 g5 6. d3 h6 7. h4 b5 8. Bb3 Na5 9.
hxg5 Nxb3 10. axb3 Ng8 11. gxh6 Nxh6 12. Bxh6 Rxh6 13. Rxh6 Bxh6 14. d4 d6 15.
d5 Qh4 16. Qg3 Qh1 17. Nd2 Bxd2+ 18. Kxd2 Qxe4 19. Qf3 Qf4+ 20. Qxf4 exf4 21. g5
Bf5 22. Nf3 O-O-O 23. Nd4 Be4 24. Nc6 Rg8 25. Ne7+ Kd7 26. Nxg8 Bxd5 27. Nf6+
Kc6 28. Nxd5 Kxd5 29. Rxa6 Ke5 30. Ra7 Kf5 31. Rxc7 Kxg5 32. Rxf7 Kg4 33. Ke2 d5
34. Rb7 f3+ 35. Ke3 d4+ 36. cxd4 Kf5 37. Kxf3 1-0

[Event "brancas"]
[Site "http://www.queenalice.com/game.php?id=947098"]
[Date "2011.6.7"]
[Round "-"]
[White "heberesteves"]
[Black "RATATUNES"]
[Result "0-1"]
[WhiteElo "1605"]
[BlackElo "1717"]

1. e4 e5 2. Bc4 Nf6 3. Nf3 Nxe4 4. Nxe5 d5 5. Bb5+ c6 6. Bd3 Nxf2 7. Kxf2 Qf6+
8. Nf3 Bc5+ 9. Kf1 a5 10. Qe2+ Be6 11. Qe5 Qxe5 12. Nxe5 O-O 13. Ke2 f6 14. Nf3
Nd7 15. b3 b5 16. c3 Rae8 17. Kd1 g5 18. Bb2 Bg4 19. Kc2 Bxf3 20. gxf3 Ne5 21.
Rf1 h5 22. Na3 b4 23. cxb4 axb4 24. Nb1 Kg7 25. Ba6 g4 26. d4 Bxd4 27. Bxd4 Nxf3
28. Bc5 Rf7 29. Bd6 f5 30. Nd2 Nd4+ 31. Kd3 Ne6 32. Rfe1 c5 33. Rac1 Rd7 34.
Be5+ Kg6 35. Bb5 c4+ 36. bxc4 dxc4+ 37. Ke3 Rd3+ 38. Ke2 Red8 39. Nxc4 f4 40.
Bc7 R8d5 41. Nd6 Re3+ 42. Kf2 Rf3+ 43. Ke2 Nd4+ 44. Kd2 Nxb5+ 45. Kc2 Nxc7 46.
Ne4 Nb5 47. Kb1 Re3 48. Rc6+ Kf5 49. Nd6+ Nxd6 50. Rec1 Nb5 51. R6c5 Nc3+ 52.
R5xc3 Rxc3 53. Rxc3 bxc3 54. Kc2 f3 55. Kxc3 f2 56. Kc4 Rd2 57. a4 f1=Q+ 58. Kc5
Qb1 59. a5 Ra2 60. a6 Rxa6 61. Kc4 Rd6 62. Kc5 Qd3 63. Kb4 Rd4+ 64. Kc5 Qc4+ 0-1

[Event "Pretas"]
[Site "http://www.queenalice.com/game.php?id=947099"]
[Date "2011.6.7"]
[Round "-"]
[White "RATATUNES"]
[Black "heberesteves"]
[Result "1-0"]
[WhiteElo "1705"]
[BlackElo "1596"]

1. e4 e5 2. d4 d5 3. dxe5 dxe4 4. Qxd8+ Kxd8 5. a3 Nc6 6. Nc3 Nxe5 7. Nxe4 Bf5
8. Bd3 Nxd3+ 9. cxd3 Nf6 10. Ng5 Bg6 11. d4 h6 12. N5f3 c5 13. Ne5 cxd4 14. Ngf3
d3 15. Nxg6 fxg6 16. Ne5 b5 17. Nf7+ Kd7 18. Nxh8 g5 19. O-O Ne4 20. Rd1 Nc5 21.
b4 d2 22. Rxd2+ Kc6 23. bxc5 a5 24. a4 b4 25. Bb2 Re8 26. Ng6 Bxc5 27. Kf1 b3
28. Re2 Rd8 29. Ne5+ Kb7 30. Nc4 Ra8 31. Nd2 Kc6 32. Nxb3 Bb6 33. Rc1+ Kd5 34.
Rd2+ Ke6 35. Rc6+ Kf5 36. Rxb6 g6 37. Rc6 h5 38. Rd5+ Kg4 39. Rc4# 1-0

[Event "18 x 29"]
[Site "http://www.queenalice.com/game.php?id=950213"]
[Date "2011.6.15"]
[Round "-"]
[White "RATATUNES"]
[Black "claudiocaire"]
[Result "0-1"]
[WhiteElo "1729"]
[BlackElo "1540"]

1. e4 e5 2. Bc4 Nf6 3. Qf3 d6 4. b3 Nc6 5. Ba3 Nd4 6. Qd3 a6 7. h3 b5 8. Bd5 c6
9. c3 cxd5 10. exd5 Nf5 11. Qe2 Nxd5 12. c4 Nd4 13. Qe4 Nc7 14. g4 f5 15. Qd3
fxg4 16. hxg4 Bxg4 17. f3 Bf5 18. Qc3 Nc2+ 19. Kd1 Nxa1 20. Qxa1 bxc4 21. bxc4
Rb8 22. Nc3 d5 23. Rh5 g6 24. Bxf8 gxh5 25. Bh6 Qh4 26. Nxd5 Rb1+ 27. Qxb1 Bxb1
28. Nxc7+ Kd7 29. Nxa6 Qf2 30. Be3 Qf1# 0-1

[Event "Challenge"]
[Site "http://www.queenalice.com/game.php?id=950412"]
[Date "2011.6.16"]
[Round "-"]
[White "Scaracioli"]
[Black "RATATUNES"]
[Result "1-0"]
[WhiteElo "1669"]
[BlackElo "1675"]

1. e4 e5 2. Nf3 d6 3. d4 a6 4. d5 Bg4 5. Be2 h5 6. h3 Bxf3 7. Bxf3 Nd7 8. g4 h4
9. Be3 g5 10. Qd2 Bh6 11. b4 b5 12. a4 c5 13. Qc3 Qb6 14. a5 Qc7 15. Nd2 c4 16.
Be2 Ngf6 17. f3 O-O 18. O-O Rfe8 19. Ra3 Nf8 20. Nb1 Ng6 21. Bb6 Qb7 22. Be3 Nf4
23. Bxf4 gxf4 24. Qd2 Qa7+ 25. Kg2 Rac8 26. c3 1-0

[Event "Challenge"]
[Site "http://www.queenalice.com/game.php?id=951154"]
[Date "2011.6.18"]
[Round "-"]
[White "Dsilver"]
[Black "RATATUNES"]
[Result "1-0"]
[WhiteElo "1738"]
[BlackElo "1640"]

1. e4 e5 2. Bc4 Nf6 3. Qf3 a6 4. Qb3 d5 5. exd5 b5 6. Bd3 Nxd5 7. Be4 c6 8. Nf3
f5 9. Bxd5 Qxd5 10. Nc3 Qxb3 11. axb3 e4 12. Ng1 Bb4 13. f3 exf3 14. Nxf3 O-O
15. Nd4 Bxc3 16. bxc3 Re8+ 17. Kd1 c5 18. Nxb5 Re7 19. Ba3 Rb7 20. Nd6 Rc7 21.
Re1 Nd7 22. Nxf5 Nf6 23. Nd6 Bg4+ 24. Kc1 Rd8 25. Bxc5 Rxc5 26. Nb7 Rcd5 27. c4
R5d7 28. Nxd8 Rxd8 29. Rxa6 h5 30. h3 Bc8 31. Ra8 h4 32. Re5 Kf7 33. Rc5 Ne4 34.
Rcxc8 Rxd2 35. Rf8+ Kg6 36. Rh8 Rxg2 37. Ra6+ Nf6 38. Rxh4 Kg5 39. Rg4+ Nxg4 40.
hxg4 Rxg4 41. c5 Rd4 42. c6 Rd6 43. c7 Rxa6 44. c8=Q Rf6 45. c4 Kh6 46. c5 g5
47. c6 g4 48. c7 Rf1+ 49. Kd2 Kh5 50. Qe8+ Kh4 51. c8=Q Rf3 52. Qe1+ Kh3 53.
Qh8+ Kg2 54. Qhh1# 1-0

[Event "Challenge"]
[Site "http://www.queenalice.com/game.php?id=952611"]
[Date "2011.6.22"]
[Round "-"]
[White "heberesteves"]
[Black "RATATUNES"]
[Result "1-0"]
[WhiteElo "1583"]
[BlackElo "1612"]

1. e4 e5 2. Bc4 f6 3. Nf3 a6 4. d4 b5 5. Bxg8 Rxg8 6. dxe5 h6 7. exf6 Qxf6 8.
Qd5 Nc6 9. Qxg8 Ne7 10. Qb3 Qg6 11. g3 Qxe4+ 12. Kf1 Bb7 13. Nbd2 Qf5 14. Kg2
Bd5 15. Qc3 Nc6 16. b3 O-O-O 17. a4 b4 18. Qd3 Qxd3 19. cxd3 Nd4 20. Rb1 g5 21.
h3 Bg7 22. Re1 a5 23. Re7 Ne6 24. Bb2 Rg8 25. Bxg7 Nxg7 26. Rc1 d6 27. Rexc7+
Kb8 28. Rd7 Nf5 29. g4 Be6 30. Rdc7 Rc8 31. Rxc8+ Bxc8 32. gxf5 Bxf5 33. d4 Kb7
34. Re1 g4 35. hxg4 Bxg4 36. Kg3 Bf5 37. Nc4 Bc2 38. Nxd6+ Ka6 39. d5 Bxb3 40.
Re5 Bxa4 41. Nd4 b3 42. Re7 b2 43. Rb7 h5 44. Rxb2 Bd7 45. Nc4 Ka7 46. Nxa5 Bc8
47. d6 Ka6 48. Nc4 1-0

[Event "Challenge"]
[Site "http://www.queenalice.com/game.php?id=952612"]
[Date "2011.6.22"]
[Round "-"]
[White "RATATUNES"]
[Black "heberesteves"]
[Result "1-0"]
[WhiteElo "1664"]
[BlackElo "1550"]

1. e4 e5 2. d4 Qh4 3. Nc3 Nc6 4. Nf3 Qf6 5. Nd5 Qd6 6. c3 Nf6 7. dxe5 Nxe5 8.
Bf4 Nxf3+ 9. Qxf3 Qc6 10. Nxc7+ Kd8 11. Nxa8 Bc5 12. Bc4 d6 13. Bxf7 Bg4 14. Qd3
Nxe4 15. Bd5 Bxf2+ 16. Kf1 Qc8 17. Bxe4 Bc5 18. b4 Rf8 19. g3 Bh3+ 20. Ke1 Bb6
21. Qxd6+ Ke8 22. Qe5+ Qe6 23. Nc7+ 1-0

[Event "19 x 29"]
[Site "http://www.queenalice.com/game.php?id=953057"]
[Date "2011.6.23"]
[Round "-"]
[White "RATATUNES"]
[Black "claudiocaire"]
[Result "0-1"]
[WhiteElo "1628"]
[BlackElo "1629"]

1. e4 e5 2. Bc4 f6 3. Bxg8 Rxg8 4. d4 Nc6 5. d5 Nd4 6. c3 Nb5 7. a4 Nd6 8. Na3
Nxe4 9. f3 Nc5 10. Be3 g5 11. b4 Na6 12. h4 gxh4 13. Rxh4 h6 14. g4 f5 15. Rh5
fxg4 16. fxg4 d6 17. Qd3 Bxg4 18. Qg6+ Rxg6 19. Nb5 Bxh5 20. Kd2 c6 21. dxc6
bxc6 22. Nxa7 Rg2+ 23. Kd3 Bg6+ 24. Kc4 Rg4+ 0-1